[Event "ITA-ch U20"]
[Site "Perugia"]
[Date "2016.07.20"]
[Round "4"]
[White "Marzaduri, Riccardo"]
[Black "Signorelli, Gaetano"]
[Result "0-1"]
[WhiteElo "2001"]
[BlackElo "2171"]
[PlyCount "148"]
[EventDate "2016.07.18"]
[EventType "swiss"]
[EventRounds "8"]
[EventCountry "ITA"]
[SourceTitle "EXT 2024"]
[Source "ChessBase"]
[SourceDate "2023.10.10"]
[SourceVersion "1"]
[SourceVersionDate "2023.10.10"]
[SourceQuality "1"]

1. e4 c6 2. d4 d5 3. Nc3 g6 4. e5 Bg7 5. f4 h5 6. Nf3 Nh6 7. Be3 Bg4 8. h3 Bxf3 9. Qxf3 Nf5 10. Bf2 h4 11. Bd3 e6 12. Ne2 Bf8 13. c3 a5 14. a4 Nd7 15. 0-0 Be7 16. b3 Kf8 17. Rfd1 Kg7 18. Kh2 Rc8 19. Rab1 Qc7 20. Rdc1 Nb6 21. c4 dxc4 22. bxc4 Nxa4 23. d5 Bb4 24. d6 Qd7 25. c5 Rb8 26. Bc2 b5 27. Be4 Rhc8 28. Bxf5 exf5 29. Bxh4 Bxc5 30. Bf6+ Kf8 31. Qg3 Ke8 32. Rd1 Rb7 33. Nd4 Bxd4 34. Rxd4 Nc5 35. Qc3 Ne6 36. Rd2 Nxf4 37. Qxa5 Qe6 38. Qa6 Qd7 39. Rbd1 Nd5 40. Qa2 Qe6 41. Qa6 Qd7 42. Rd4 f4 43. Ra1 Rcb8 44. Qa3 Qe6 45. Qc5 Kd7 46. Rc1 Rc8 47. Bg5 f3 48. gxf3 Qxe5+ 49. Bf4 Qe2+ 50. Kg3 Nf6 51. Qe5 Nh5+ 52. Kh4 Qf2+ 53. Bg3 Qxg3+ 54. Qxg3 Nxg3 55. Kxg3 Re8 56. Kf4 Re6 57. Rcd1 c5 58. Rd5 c4 59. Rb1 Rxd6 60. Rdxb5 Rxb5 61. Rxb5 Kc6 62. Rb1 Re6 63. Kg5 Kc5 64. f4 c3 65. Kh6 Kc4 66. Kg7 c2 67. Rc1 Kc3 68. Kxf7 Rc6 69. h4 Kd2 70. Rh1 c1Q 71. Rxc1 Kxc1 72. Kg7 Kd2 73. Kh6 Ke3 74. Kg5 Ke4 0-1

[Event "ITA-ch sf 76th"]
[Site "Civitanova Marche"]
[Date "2016.07.17"]
[Round "9"]
[White "Brancaleoni, Maurizio"]
[Black "Marzaduri, Riccardo"]
[Result "1/2-1/2"]
[WhiteElo "2229"]
[BlackElo "2001"]
[PlyCount "43"]
[EventDate "2016.07.09"]
[EventType "swiss"]
[EventRounds "9"]
[EventCountry "ITA"]
[SourceTitle "CBM 173 Extra"]
[Source "ChessBase"]
[SourceDate "2016.08.29"]
[SourceVersion "1"]
[SourceVersionDate "2016.08.29"]
[SourceQuality "1"]

1. Nf3 d5 2. d4 Nf6 3. c4 c6 4. e3 e6 5. Bd3 Nbd7 6. Nbd2 Be7 7. 0-0 c5 8. b3 b6 9. Bb2 Bb7 10. Qe2 0-0 11. e4 dxe4 12. Nxe4 cxd4 13. Nxd4 a6 14. Rad1 Qc7 15. Ng5 Nc5 16. Bc2 h6 17. Nh3 Rad8 18. Kh1 Rfe8 19. a3 Qc8 20. f3 Bf8 21. b4 e5 22. Nb3 1/2-1/2

[Event "ITA-ch sf 76th"]
[Site "Civitanova Marche"]
[Date "2016.07.16"]
[Round "8"]
[White "Marzaduri, Riccardo"]
[Black "Contin, Daniel"]
[Result "1-0"]
[WhiteElo "2001"]
[BlackElo "2232"]
[PlyCount "63"]
[EventDate "2016.07.09"]
[EventType "swiss"]
[EventRounds "9"]
[EventCountry "ITA"]
[SourceTitle "CBM 173 Extra"]
[Source "ChessBase"]
[SourceDate "2016.08.29"]
[SourceVersion "1"]
[SourceVersionDate "2016.08.29"]
[SourceQuality "1"]

1. e4 c6 2. d4 d5 3. f3 Be6 4. Nc3 g6 5. Be3 Bg7 6. Qd2 Nd7 7. Nge2 Nb6 8. Nf4 Bc8 9. 0-0-0 dxe4 10. Nxe4 Nd5 11. Nxd5 cxd5 12. Nc5 a6 13. Re1 h5 14. h4 b6 15. Nd3 Nh6 16. Ne5 Nf5 17. Bf4 Kf8 18. g4 hxg4 19. fxg4 Nd6 20. Bd3 Bb7 21. Bxg6 Qe8 22. Bxf7 Qa4 23. Ng6+ Kxf7 24. Rxe7+ Kg8 25. Bxd6 Rc8 26. Rxg7+ Kxg7 27. Be5+ Kxg6 28. Qg5+ Kf7 29. Rf1+ Ke8 30. Qg6+ Kd8 31. Bxh8 Qe8 32. Qd6+ 1-0

[Event "Titled Tuesday intern op 5th July"]
[Site "Chess.com INT"]
[Date "2016.07.05"]
[Round "7"]
[White "Marzaduri, Riccardo"]
[Black "Song, Terry"]
[Result "0-1"]
[WhiteElo "2001"]
[BlackElo "1920"]
[PlyCount "88"]
[EventDate "2016.07.05"]
[EventType "swiss (blitz)"]
[EventRounds "9"]
[EventCountry "USA"]
[SourceTitle "EXT 2021"]
[Source "ChessBase"]
[SourceDate "2020.10.23"]
[SourceVersion "1"]
[SourceVersionDate "2020.10.23"]
[SourceQuality "1"]

1. e4 c5 2. Nf3 d6 3. d4 cxd4 4. Nxd4 Nf6 5. Nc3 a6 6. Be2 e5 7. Nb3 Be7 8. Be3 Be6 9. 0-0 Nbd7 10. a4 Rc8 11. f4 Rxc3 12. bxc3 Nxe4 13. f5 Nxc3 14. Qd3 Nxe2+ 15. Qxe2 Bd5 16. Rad1 Nf6 17. c4 Bc6 18. a5 0-0 19. Bb6 Qc8 20. g4 Ne4 21. Qe3 Bg5 22. Qh3 Ba4 23. Qd3 Bxb3 24. Qxb3 Nd2 25. Rxd2 Bxd2 26. f6 Qxg4+ 27. Qg3 Qxg3+ 28. hxg3 e4 29. Bc7 e3 30. Bxd6 e2 31. Bxf8 exf1Q+ 32. Kxf1 Kxf8 33. fxg7+ Kxg7 34. Ke2 Bxa5 35. Kd3 Bb6 36. Ke4 Bc5 37. Kd5 b6 38. Kc6 a5 39. Kb5 Kf6 40. Ka4 Kg5 41. Kb5 Kg4 42. Ka6 a4 43. Kb7 a3 44. Kc7 a2 0-1

[Event "Titled Tuesday intern op 2nd Febr"]
[Site "Chess.com INT"]
[Date "2016.02.02"]
[Round "2"]
[White "Thar, Shwebo"]
[Black "Marzaduri, Riccardo"]
[Result "0-1"]
[WhiteElo "2091"]
[BlackElo "2130"]
[PlyCount "52"]
[EventDate "2016.02.02"]
[EventType "swiss (blitz)"]
[EventRounds "9"]
[EventCountry "USA"]
[SourceTitle "EXT 2021"]
[Source "ChessBase"]
[SourceDate "2020.10.23"]
[SourceVersion "1"]
[SourceVersionDate "2020.10.23"]
[SourceQuality "1"]

1. e4 e6 2. d4 d5 3. Nc3 Nc6 4. Nf3 Nf6 5. Bg5 Be7 6. Bxf6 Bxf6 7. e5 Be7 8. a3 a5 9. Bd3 a4 10. Ne2 Na5 11. 0-0 c5 12. c3 Nb3 13. Rb1 Bd7 14. Ng3 h5 15. h3 g6 16. Nd2 Bh4 17. Nxb3 axb3 18. dxc5 Bxg3 19. fxg3 Qc7 20. Qxb3 Qxc5+ 21. Kh1 Bc6 22. Rbe1 0-0 23. Rf6 Kg7 24. Qc2 Be8 25. Ref1 Rh8 26. Qd2 d4 0-1